10 Most Popular Burger Toppings In America - Statistics

General Stats
  • This quiz has been taken 193 times
  • The average score is 7 of 10
Answer Stats
Rank Topping % Correct
1 Ketchup
93%
4 Lettuce
89%
5 Mustard
85%
7 Mayonnaise
78%
6 Pickles
76%
2 Onions
73%
3 Tomatoes
65%
8 Bacon
61%
10 Barbecue Sauce
37%
9 Mushrooms
28%
No matching quizzes found
Score Distribution
Percent of People with Each Score
Percentile by Number Answered
Your Score History
You have not taken this quiz